[Event "CYCC U08"]
[Site "Ottawa CAN"]
[Date "2013.07.10"]
[Round "1"]
[White "Doknjas, Neil"]
[Black "Radin, Andrew"]
[Result "1-0"]
[WhiteElo "1228"]
[BlackElo "764"]
[PlyCount "117"]
[GameId "2160767909317845"]
[EventDate "2013.07.10"]
[EventType "swiss"]
[EventRounds "6"]
[EventCountry "CAN"]
[SourceTitle "hb 2013"]

1. e4 e5 2. Nf3 Nc6 3. d4 d6 4. dxe5 dxe5 5. Qxd8+ Kxd8 6. Nc3 Bb4 7. Bg5+ f6 8. O-O-O+ Bd7 9. Bh4 g5 10. Bg3 h5 11. h4 g4 12. Nh2 Ke8 13. Nd5 Bd6 14. f4 exf4 15. Bxf4 Bxf4+ 16. Nxf4 Nge7 17. Bc4 Ne5 18. Nd5 Nxd5 19. Bxd5 c6 20. Bb3 g3 21. Nf1 Bg4 22. Re1 b5 23. Nxg3 a5 24. a3 b4 25. a4 c5 26. Bd5 Rd8 27. Rhf1 Rf8 28. Nf5 Bxf5 29. Rxf5 c4 30. Rxh5 b3 31. Rh7 f5 32. Bxc4 bxc2 33. Bb5+ Rd7 34. exf5 Kd8 35. Bxd7 Nd3+ 36. Kxc2 Nxe1+ 37. Kd2 Nxg2 38. Ke2 Nf4+ 39. Ke3 Nd5+ 40. Kd4 Nf6 41. Rg7 Nxd7 42. Ke4 Nf6+ 43. Ke5 Nd7+ 44. Kf4 Nc5 45. Ra7 Nxa4 46. Rxa5 Nxb2 47. Kg5 Nc4 48. Ra4 Ne3 49. f6 Nd5 50. Ra8+ Kd7 51. Rxf8 Nc7 52. Kg6 Ne6 53. Rf7+ Kd6 54. Ra7 Nf4+ 55. Kf5 Nh5 56. f7 Ng7+ 57. Kf6 Ne6 58. Ra6+ Kd7 59. Rxe6 1-0

[Event "CYCC U08"]
[Site "Ottawa CAN"]
[Date "2013.07.10"]
[Round "1"]
[White "Issani, Nameer"]
[Black "Guipi Bopala, Prince Eric jr"]
[Result "1-0"]
[WhiteElo "1425"]
[BlackElo "804"]
[PlyCount "57"]
[GameId "2160767909317849"]
[EventDate "2013.07.10"]
[EventType "swiss"]
[EventRounds "6"]
[EventCountry "CAN"]
[SourceTitle "hb 2013"]

1. e4 c5 2. Nf3 d6 3. d4 cxd4 4. Nxd4 Nf6 5. Nc3 g6 6. Bc4 Bg7 7. O-O O-O 8. Be3 Nc6 9. f4 Bg4 10. Qd2 Nxd4 11. Bxd4 Rc8 12. Bb3 e5 13. Bxa7 b6 14. fxe5 Ne8 15. exd6 Nxd6 16. Qf2 Rc6 17. Bd5 Nc4 18. Qg3 Bd4+ 19. Kh1 Rd6 20. Bxc4 Qa8 21. Qxd6 Qxa7 22. Qxd4 Qc7 23. Nd5 Qd6 24. Nf6+ Kh8 25. Qxd6 Kg7 26. Nxg4 Re8 27. Qf6+ Kg8 28. Bxf7+ Kf8 29. Be6# 1-0

[Event "CYCC U08"]
[Site "Ottawa CAN"]
[Date "2013.07.10"]
[Round "1"]
[White "Kong, Brandon"]
[Black "Zhao, Ian"]
[Result "0-1"]
[WhiteElo "767"]
[BlackElo "1388"]
[PlyCount "94"]
[GameId "2160767909317850"]
[EventDate "2013.07.10"]
[EventType "swiss"]
[EventRounds "6"]
[EventCountry "CAN"]
[SourceTitle "hb 2013"]

1. e4 e5 2. Nf3 Nc6 3. d4 exd4 4. Nxd4 Bc5 5. Be3 Qf6 6. Nxc6 Bxe3 7. fxe3 Qxc6 8. Nc3 a6 9. Qd5 Nf6 10. Qxc6 dxc6 11. O-O-O Be6 12. g3 Ng4 13. Rd2 Nxe3 14. Be2 Nc4 15. Rd4 Nd6 16. Rhd1 Ke7 17. e5 Nb5 18. Bxb5 axb5 19. a3 Rhd8 20. Ne4 Rxd4 21. Rxd4 Ra4 22. Rxa4 bxa4 23. Nc5 b5 24. Kd2 Bd5 25. Ke3 Kd8 26. Kf4 Kc8 27. Kf5 Kb8 28. e6 g6+ 29. Kf6 fxe6 30. Nxe6 Bxe6 31. Kxe6 Kc8 32. Kf7 c5 33. Kg7 b4 34. Kxh7 c4 35. axb4 c3 36. bxc3 a3 37. Kxg6 a2 38. h4 a1=Q 39. h5 Qxc3 40. h6 Qh8 41. g4 Kd7 42. g5 Ke7 43. Kh5 Kf7 44. g6+ Kf6 45. c4 Kf5 46. c5 Qf6 47. g7 Qg5# 0-1

[Event "CYCC U08"]
[Site "Ottawa CAN"]
[Date "2013.07.10"]
[Round "1"]
[White "Noorali, Aahil"]
[Black "Liu, Owen"]
[Result "1-0"]
[WhiteElo "1086"]
[BlackElo "569"]
[PlyCount "51"]
[GameId "2160767909317853"]
[EventDate "2013.07.10"]
[EventType "swiss"]
[EventRounds "6"]
[EventCountry "CAN"]
[SourceTitle "hb 2013"]

1. e4 e5 2. Nf3 Nc6 3. Bc4 Nf6 4. d3 Bb4+ 5. c3 Bc5 6. Bg5 O-O 7. b4 Be7 8. O-O d6 9. Nbd2 Bg4 10. Nb3 h6 11. Be3 a6 12. Nbd2 b5 13. Bb3 a5 14. bxa5 Rxa5 15. a4 bxa4 16. Bxa4 Qa8 17. Bxc6 Rxa1 18. Qxa1 Qxa1 19. Rxa1 Rb8 20. h3 Be6 21. d4 exd4 22. cxd4 Rb6 23. d5 Bc8 24. Bxb6 cxb6 25. Ra8 Kh7 26. Rxc8 1-0

[Event "CYCC U08"]
[Site "Ottawa CAN"]
[Date "2013.07.10"]
[Round "1"]
[White "Wu, Lucian"]
[Black "Zhao, Jonathan"]
[Result "0-1"]
[WhiteElo "599"]
[BlackElo "1123"]
[PlyCount "60"]
[GameId "2160767909317855"]
[EventDate "2013.07.10"]
[EventType "swiss"]
[EventRounds "6"]
[EventCountry "CAN"]
[SourceTitle "hb 2013"]

1. d4 d5 2. c4 e6 3. Nc3 Nf6 4. Nf3 Bd6 5. e3 c6 6. Bd3 Nbd7 7. O-O O-O 8. Re1 e5 9. a3 e4 10. Be2 exf3 11. Bxf3 dxc4 12. e4 Bc7 13. e5 Ne8 14. Be2 Nb6 15. Kh1 f6 16. f4 fxe5 17. fxe5 Bf5 18. Bf3 Qh4 19. Be3 Rd8 20. Qe2 Bd3 21. Qf2 Qxf2 22. Bxf2 g5 23. Be4 Rxf2 24. Bxd3 cxd3 25. e6 Rxd4 26. e7 Kf7 27. b4 Rd7 28. Rad1 Rxe7 29. Rxe7+ Kxe7 30. Rxd3 Rf1# 0-1

[Event "CYCC U08"]
[Site "Ottawa CAN"]
[Date "2013.07.10"]
[Round "1"]
[White "Zhou, Aiden"]
[Black "Fu, Steven"]
[Result "1-0"]
[WhiteElo "1136"]
[BlackElo "631"]
[PlyCount "57"]
[GameId "2160767909317856"]
[EventDate "2013.07.10"]
[EventType "swiss"]
[EventRounds "6"]
[EventCountry "CAN"]
[SourceTitle "hb 2013"]

1. e4 e5 2. Nf3 Nc6 3. Bc4 Be7 4. O-O Nf6 5. d3 O-O 6. c3 d6 7. Bb3 Bg4 8. h3 Bh5 9. Nbd2 a6 10. Re1 Qd7 11. Nf1 d5 12. exd5 Nxd5 13. Ng3 Bg6 14. Nxe5 Nxe5 15. Rxe5 Nf6 16. d4 c5 17. Re1 Rad8 18. Be3 cxd4 19. Bxd4 Bh5 20. Nxh5 Nxh5 21. Qxh5 b5 22. Bc2 g6 23. Qe5 f6 24. Qxe7 Qc6 25. Qe6+ Qxe6 26. Rxe6 Kg7 27. Re7+ Kh6 28. Be3+ Kh5 29. Rxh7# 1-0

[Event "CYCC U08"]
[Site "Ottawa CAN"]
[Date "2013.07.10"]
[Round "2"]
[White "Guipi Bopala, Prince Eric jr"]
[Black "Wu, Lucian"]
[Result "0-1"]
[WhiteElo "804"]
[BlackElo "599"]
[PlyCount "103"]
[GameId "2160767909317859"]
[EventDate "2013.07.10"]
[EventType "swiss"]
[EventRounds "6"]
[EventCountry "CAN"]
[SourceTitle "hb 2013"]

1. d4 Nf6 2. Nc3 g6 3. e4 d6 4. Nf3 Bg7 5. Bd3 O-O 6. Be3 Nc6 7. O-O Ng4 8. Bf4 e5 9. d5 exf4 10. dxc6 bxc6 11. h3 Nf6 12. e5 dxe5 13. Nxe5 c5 14. Qf3 Rb8 15. Nc6 Bb7 16. Nxd8 Bxf3 17. gxf3 Rfxd8 18. Rab1 Nd5 19. Nb5 a6 20. Nc3 Nxc3 21. bxc3 a5 22. Rb5 Rxb5 23. Bxb5 Bxc3 24. a4 Rd2 25. Re1 Rxc2 26. Re7 Bd4 27. Rxc7 Bxf2+ 28. Kf1 Bd4 29. Ra7 Bc3 30. Bc4 Rh2 31. Rxf7 Bd4 32. Rxf4+ Kg7 33. Rf7+ Kh6 34. Ra7 Rf2+ 35. Ke1 Rxf3 36. Rxa5 Bc3+ 37. Ke2 Bxa5 38. Kxf3 Kg7 39. Ke4 Kf6 40. Kd5 Bb4 41. Kc6 Kf5 42. Kb5 g5 43. a5 Bxa5 44. Kxa5 Ke5 45. Kb6 Kd4 46. Bf1 c4 47. Be2 h6 48. Bg4 c3 49. Bd1 Kd3 50. Kb5 c2 51. Bxc2+ Kxc2 52. Kc4 0-1

[Event "CYCC U08"]
[Site "Ottawa CAN"]
[Date "2013.07.10"]
[Round "2"]
[White "James, Rowan"]
[Black "Issani, Nameer"]
[Result "1/2-1/2"]
[WhiteElo "1072"]
[BlackElo "1425"]
[PlyCount "114"]
[GameId "2160767909317860"]
[EventDate "2013.07.10"]
[EventType "swiss"]
[EventRounds "6"]
[EventCountry "CAN"]
[SourceTitle "hb 2013"]

1. e4 e5 2. Nf3 Nc6 3. Bc4 Bc5 4. c3 Nf6 5. d4 exd4 6. cxd4 Bb4+ 7. Bd2 Bxd2+ 8. Nbxd2 Qe7 9. O-O O-O 10. h3 Re8 11. e5 Nh5 12. Re1 Nf4 13. Re4 Ng6 14. d5 Ncxe5 15. Nxe5 Nxe5 16. f4 Qc5+ 17. Kh1 b5 18. Bb3 Bb7 19. Rxe5 Rxe5 20. fxe5 Re8 21. Nf3 a5 22. Rc1 Qb6 23. a4 c6 24. dxc6 Bxc6 25. axb5 Qxb5 26. Nd4 Qxe5 27. Nxc6 dxc6 28. Qd7 g6 29. Qxc6 Kh8 30. Qc5 Qg7 31. Rf1 f5 32. g4 Rf8 33. Ba4 Qb7+ 34. Bc6 Rc8 35. Bxb7 Rxc5 36. Bg2 fxg4 37. hxg4 Rb5 38. Rf2 Rb4 39. Bh3 Kg7 40. Kg2 Kh6 41. Rc2 a4 42. Kf2 Kg5 43. Kg2 Kh4 44. Kh2 Rb3 45. Bg2 Kxg4 46. Rc4+ Kf5 47. Rxa4 Rxb2 48. Kg3 Rb3+ 49. Bf3 g5 50. Ra5+ Kg6 51. Ra6+ Kf5 52. Rh6 g4 53. Rh5+ Kg6 54. Kxg4 Rxf3 55. Rxh7 Ra3 56. Rh3 Ra4+ 57. Kf3 Kf5 1/2-1/2

[Event "CYCC U08"]
[Site "Ottawa CAN"]
[Date "2013.07.10"]
[Round "2"]
[White "Kulic, Mateo"]
[Black "Tang, Matthew"]
[Result "0-1"]
[WhiteElo "917"]
[BlackElo "1030"]
[PlyCount "88"]
[GameId "2160767909317861"]
[EventDate "2013.07.10"]
[EventType "swiss"]
[EventRounds "6"]
[EventCountry "CAN"]
[SourceTitle "hb 2013"]

1. e4 e5 2. Nf3 Nc6 3. Bc4 Nf6 4. Nc3 Nxe4 5. Nxe4 d5 6. Bxd5 Qxd5 7. Nc3 Qd8 8. O-O Bg4 9. d3 Nd4 10. Be3 Nxf3+ 11. gxf3 Bh3 12. Re1 Bc5 13. Kh1 Bxe3 14. fxe3 Qg5 15. Rg1 Qxe3 16. Nd5 Qc5 17. c4 O-O-O 18. b4 Qd4 19. Rg3 Be6 20. Qg1 Qxg1+ 21. Kxg1 Bxd5 22. cxd5 Rxd5 23. Rd1 Rhd8 24. Rxg7 Rxd3 25. Rxd3 Rxd3 26. Rxh7 Rxf3 27. h4 e4 28. Rh8+ Kd7 29. h5 e3 30. Kg2 e2 31. Kxf3 e1=Q 32. h6 Qc3+ 33. Kf4 Qxh8 34. Kg5 b6 35. Kh5 c5 36. bxc5 bxc5 37. Kg5 c4 38. Kf4 c3 39. Ke3 Qxh6+ 40. Kd3 Qd2+ 41. Kc4 c2 42. Kb3 c1=Q 43. Ka4 Qc4+ 44. Ka3 Qdc3# 0-1

[Event "CYCC U08"]
[Site "Ottawa CAN"]
[Date "2013.07.10"]
[Round "2"]
[White "Low, Kevin"]
[Black "Noorali, Aahil"]
[Result "1-0"]
[WhiteElo "1484"]
[BlackElo "1086"]
[PlyCount "119"]
[GameId "2160767909317863"]
[EventDate "2013.07.10"]
[EventType "swiss"]
[EventRounds "6"]
[EventCountry "CAN"]
[SourceTitle "hb 2013"]

1. e4 e5 2. Nf3 Nc6 3. Bc4 Bc5 4. c3 Nf6 5. d3 d6 6. O-O Be6 7. Bxe6 fxe6 8. Qb3 Qc8 9. Nbd2 d5 10. exd5 exd5 11. Re1 Ng4 12. d4 Bd6 13. Qxd5 Qd7 14. h3 Nf6 15. Qb3 e4 16. Nxe4 O-O-O 17. Neg5 Rhe8 18. Bd2 Na5 19. Qc2 h6 20. Ne4 Nxe4 21. Rxe4 Qf5 22. Rae1 Nc4 23. Nh4 Qh7 24. Nf3 Bf8 25. Bf4 g5 26. Bh2 Bd6 27. Qe2 Bxh2+ 28. Kxh2 Rxe4 29. Qxe4 Qxe4 30. Rxe4 Nxb2 31. Kg3 Nd1 32. c4 Rg8 33. Re2 Nc3 34. Re3 Nxa2 35. Ra3 Nc1 36. Rxa7 Ne2+ 37. Kg4 Kb8 38. Ra2 Nf4 39. Ne5 Rd8 40. g3 Nd3 41. Nf3 c5 42. d5 Re8 43. Rd2 Ne5+ 44. Nxe5 Rxe5 45. Kh5 Re4 46. Rc2 Kc7 47. Kxh6 g4 48. h4 Kd7 49. h5 Ke7 50. Kg5 Kf8 51. h6 Kg8 52. Kg6 Re7 53. Ra2 Re8 54. Ra7 Rb8 55. d6 Rd8 56. d7 Rb8 57. Rxb7 Rd8 58. Rc7 Rf8 59. Rc8 Rxc8 60. dxc8=Q# 1-0

[Event "CYCC U08"]
[Site "Ottawa CAN"]
[Date "2013.07.10"]
[Round "2"]
[White "Mo, Aidan"]
[Black "Zhou, Aiden"]
[Result "1-0"]
[WhiteElo "951"]
[BlackElo "1136"]
[PlyCount "85"]
[GameId "2160767909317864"]
[EventDate "2013.07.10"]
[EventType "swiss"]
[EventRounds "6"]
[EventCountry "CAN"]
[SourceTitle "hb 2013"]

1. e4 c5 2. Nf3 e6 3. c3 d5 4. e5 Nc6 5. d4 cxd4 6. cxd4 Bb4+ 7. Bd2 Bxd2+ 8. Nbxd2 Nge7 9. Bd3 O-O 10. Bxh7+ Kxh7 11. Ng5+ Kh6 12. Qg4 Nf5 13. f4 Qxg5 14. Qxg5+ Kh7 15. O-O Ncxd4 16. Nf3 Nxf3+ 17. Rxf3 b6 18. Rh3+ Nh6 19. Rh4 f6 20. exf6 Rxf6 21. Rf1 Bb7 22. Rf3 d4 23. Rg3 Rg8 24. Rgh3 Ba6 25. Ra3 Bc4 26. Rxa7 Rg6 27. Qe5 Rd8 28. f5 Rf6 29. Rxd4 Rxd4 30. Qxd4 Ng8 31. Qxc4 exf5 32. Qh4+ Rh6 33. Qd8 Re6 34. Qd7 Rg6 35. Qf7 Nf6 36. Ra8 f4 37. Qf8 Kh6 38. Qh8+ Nh7 39. Ra3 f3 40. Rxf3 Kg5 41. Qxh7 Rh6 42. Qf5+ Kh4 43. Rh3# 1-0

[Event "CYCC U08"]
[Site "Ottawa CAN"]
[Date "2013.07.10"]
[Round "2"]
[White "Wu, Nicholas"]
[Black "England, Max"]
[Result "1-0"]
[WhiteElo "1158"]
[BlackElo "944"]
[PlyCount "139"]
[GameId "2160767909317867"]
[EventDate "2013.07.10"]
[EventType "swiss"]
[EventRounds "6"]
[EventCountry "CAN"]
[SourceTitle "EXT 2022"]
[Source "ChessBase"]
[SourceDate "2021.10.06"]
[SourceVersion "1"]
[SourceVersionDate "2021.10.06"]
[SourceQuality "1"]

1. e4 e5 2. Nf3 Nc6 3. Bc4 Bc5 4. c3 Nf6 5. d3 d6 6. Bg5 h6 7. Bh4 Be6 8. Nbd2 Qe7 9. Bxe6 fxe6 10. Nb3 Bb6 11. O-O O-O-O 12. Re1 Rhe8 13. d4 Qf7 14. Bg3 exd4 15. cxd4 e5 16. d5 Ne7 17. Qc2 Rd7 18. Rac1 Kb8 19. Nfd2 a6 20. Nc4 Ba7 21. Bxe5 Ng4 22. Bg3 Rf8 23. Re2 g5 24. h3 Nf6 25. Qd2 Nh5 26. Kh2 Nxg3 27. fxg3 Bf2 28. Qb4 Bxg3+ 29. Kg1 c5 30. Qc3 Bf2+ 31. Kh1 h5 32. Rf1 Rdd8 33. Qc2 g4 34. Rexf2 Qg7 35. Rxf8 Rxf8 36. Rxf8+ Qxf8 37. hxg4 hxg4 38. Nxd6 Qf1+ 39. Kh2 Qf4+ 40. Kg1 Qxd6 41. Qxc5 Qf6 42. Qc2 g3 43. Qe2 Qh4 44. Qf3 Ng6 45. Kf1 Nf4 46. Ke1 Qh1+ 47. Kd2 Qxg2+ 48. Qxg2 Nxg2 49. Ke2 Nf4+ 50. Kf3 g2 51. Kf2 b6 52. Nd2 Nd3+ 53. Kxg2 Nxb2 54. e5 Kc7 55. Kf3 Nd3 56. Ke4 Nc5+ 57. Kd4 Kd7 58. e6+ Kd6 59. Nc4+ Ke7 60. Nxb6 Nb7 61. Ke5 Nd6 62. a3 a5 63. a4 Ne8 64. Nc8+ Kd8 65. Nd6 Nc7 66. Nb7+ Kc8 67. Nxa5 Kd8 68. d6 Na8 69. Nc6+ Ke8 70. d7+ 1-0

[Event "CYCC U08"]
[Site "Ottawa CAN"]
[Date "2013.07.10"]
[Round "2"]
[White "Xu, Yaorui"]
[Black "Doknjas, Neil"]
[Result "0-1"]
[WhiteElo "1030"]
[BlackElo "1228"]
[PlyCount "104"]
[GameId "2160767909317868"]
[EventDate "2013.07.10"]
[EventType "swiss"]
[EventRounds "6"]
[EventCountry "CAN"]
[SourceTitle "hb 2013"]

1. d4 d5 2. c4 e6 3. Nc3 Nf6 4. Bg5 Be7 5. Bxf6 Bxf6 6. Nf3 O-O 7. e4 dxe4 8. Nxe4 b6 9. g3 Bb7 10. Nxf6+ Qxf6 11. Bg2 Rd8 12. O-O c5 13. Ne5 Bxg2 14. Kxg2 Rxd4 15. Qf3 Qxf3+ 16. Nxf3 Rxc4 17. Ne5 Rd4 18. Rad1 f6 19. Rxd4 cxd4 20. Nf3 Nc6 21. Rd1 e5 22. Nd2 Kf7 23. f4 Ke6 24. Nf3 Kd5 25. Nh4 e4 26. Nf5 g6 27. Ne3+ Kc5 28. Rc1+ Kd6 29. Rd1 d3 30. a3 Kc5 31. b4+ Kd4 32. Kf2 b5 33. Nc2+ Kc3 34. Ne3 Nd4 35. Nd5+ Kc2 36. Re1 d2 37. Ne3+ Kd3 38. Rf1 Nc2 39. Nxc2 Kxc2 40. Ke2 Rd8 41. Rd1 Rd3 42. g4 Re3+ 43. Kxe3 Kxd1 44. Kxe4 Ke2 45. g5 f5+ 46. Ke5 d1=Q 47. Kf6 Qd7 48. Ke5 Ke3 49. Kf6 Kd4 50. h4 Kd5 51. a4 Kd6 52. a5 Qe7# 0-1

[Event "CYCC U08"]
[Site "Ottawa CAN"]
[Date "2013.07.10"]
[Round "2"]
[White "Zhao, Ian"]
[Black "Huang, Patrick"]
[Result "1-0"]
[WhiteElo "1388"]
[BlackElo "1040"]
[PlyCount "58"]
[GameId "2160767909317869"]
[EventDate "2013.07.10"]
[EventType "swiss"]
[EventRounds "6"]
[EventCountry "CAN"]
[SourceTitle "hb 2013"]

1. e4 c5 2. c3 Nf6 3. e5 Nd5 4. d4 e6 5. Bc4 Nb6 6. Bb3 cxd4 7. cxd4 d6 8. Nf3 Be7 9. O-O O-O 10. Nc3 Bd7 11. Be3 a6 12. Re1 Nc6 13. Rc1 Rc8 14. Qd2 Na5 15. Bc2 Nac4 16. Qd3 g6 17. b3 Nb2 18. Qd2 dxe5 19. Nxe5 Bb4 20. Be4 N2a4 21. bxa4 Nxa4 22. Bh6 Re8 23. Qf4 f5 24. Nxd7 Nxc3 25. Bxf5 Qxd7 26. Bh3 Nd5 27. Qe5 Bxe1 28. Bxe6+ Rxe6 29. Rxc8+ Kf7 1-0

[Event "CYCC U08"]
[Site "Ottawa CAN"]
[Date "2013.07.10"]
[Round "2"]
[White "Zhao, Jonathan"]
[Black "Gaisinsky, Jacob"]
[Result "1-0"]
[WhiteElo "1123"]
[BlackElo "407"]
[PlyCount "53"]
[GameId "2160767909317870"]
[EventDate "2013.07.10"]
[EventType "swiss"]
[EventRounds "6"]
[EventCountry "CAN"]
[SourceTitle "hb 2013"]

1. e4 c6 2. d4 d5 3. exd5 cxd5 4. Nf3 Nc6 5. Bb5 Bd7 6. Nc3 e6 7. Bf4 Nf6 8. O-O a6 9. Bxc6 bxc6 10. Re1 Be7 11. Ne5 Bd6 12. Nxc6 Bxc6 13. Bg5 O-O 14. Qf3 Be7 15. Qg3 Bd6 16. Bxf6 Bxg3 17. Bxd8 Bxf2+ 18. Kxf2 Raxd8 19. a3 f5 20. Rxe6 Rc8 21. Rae1 g5 22. Re7 f4 23. Ra7 a5 24. Ree7 g4 25. Rg7+ Kh8 26. Rxh7+ Kg8 27. Rag7# 1-0

[Event "CYCC U08"]
[Site "Ottawa CAN"]
[Date "2013.07.11"]
[Round "3"]
[White "Doknjas, Neil"]
[Black "Mo, Aidan"]
[Result "1-0"]
[WhiteElo "1228"]
[BlackElo "951"]
[PlyCount "159"]
[GameId "2160767909317872"]
[EventDate "2013.07.10"]
[EventType "swiss"]
[EventRounds "6"]
[EventCountry "CAN"]
[SourceTitle "hb 2013"]

1. e4 c5 2. Nf3 Nc6 3. d4 cxd4 4. Nxd4 Nf6 5. Nxc6 bxc6 6. Qe2 d6 7. Nc3 Bg4 8. f3 Bc8 9. Be3 e6 10. O-O-O Be7 11. e5 Nd5 12. Nxd5 cxd5 13. exd6 Qxd6 14. g4 a5 15. g5 a4 16. a3 Rb8 17. Qd3 Qe5 18. Qd4 Qxd4 19. Rxd4 Bc5 20. Rd3 Bd6 21. Bg2 Ba6 22. Rdd1 Be5 23. Bd4 Bf4+ 24. Kb1 e5 25. Rhe1 f6 26. gxf6 gxf6 27. Ba7 Rb7 28. Bc5 Bc4 29. Rd4 Kf7 30. Rdd1 Rhb8 31. Bb4 Bxh2 32. Rh1 Bf4 33. Rxh7+ Kg6 34. Rhh1 Be2 35. Rxd5 Rg7 36. Re1 Bb5 37. Bf1 Bxf1 38. Rxf1 Ra8 39. Rg1+ Kh7 40. Rxg7+ Kxg7 41. Ra5 Rxa5 42. Bxa5 f5 43. c4 e4 44. fxe4 fxe4 45. Kc2 e3 46. Kd1 Kf6 47. Ke2 Ke6 48. Bb6 Kd7 49. Bxe3 Be5 50. b4 axb3 51. Kd2 Kc6 52. Kc1 b2+ 53. Kc2 Kb7 54. Bd2 Kb6 55. Bb4 Bd4 56. a4 Kc6 57. Ba3 Kb6 58. Bxb2 Bg1 59. Kb3 Ka6 60. Bc3 Ka7 61. Kb4 Ka8 62. Kb5 Kb8 63. a5 Ka8 64. Kc6 Kb8 65. Kd5 Ka8 66. a6 Ka7 67. Bd4+ Bxd4 68. Kxd4 Kxa6 69. Kd5 Kb7 70. Kd6 Kb8 71. c5 Kc8 72. Kc6 Kb8 73. Kd7 Kb7 74. c6+ Kb8 75. c7+ Kb7 76. c8=Q+ Kb6 77. Qc4 Kb7 78. Qb5+ Ka7 79. Kc8 Ka8 80. Qa5# 1-0

[Event "CYCC U08"]
[Site "Ottawa CAN"]
[Date "2013.07.11"]
[Round "3"]
[White "Gaisinsky, Jacob"]
[Black "Radin, Andrew"]
[Result "0-1"]
[WhiteElo "407"]
[BlackElo "764"]
[PlyCount "72"]
[GameId "2160767909317875"]
[EventDate "2013.07.10"]
[EventType "swiss"]
[EventRounds "6"]
[EventCountry "CAN"]
[SourceTitle "hb 2013"]

1. e4 e5 2. Nf3 Nc6 3. Bc4 Bc5 4. Nc3 Nf6 5. d3 O-O 6. Be3 d6 7. O-O Bg4 8. h3 Be6 9. Bb5 d5 10. Bxc6 bxc6 11. Re1 d4 12. Nxe5 dxe3 13. fxe3 Qd6 14. Nc4 Bxc4 15. dxc4 Qxd1 16. Raxd1 Bb4 17. e5 Ne4 18. Rd3 f6 19. Red1 Bxc3 20. bxc3 fxe5 21. Rd7 Nxc3 22. Ra1 Ne2+ 23. Kh1 Rf7 24. Rd2 Ng3+ 25. Kg1 Ne4 26. Rdd1 Raf8 27. Rab1 Nc3 28. Rdc1 Nxb1 29. Rxb1 Rd7 30. h4 Rd2 31. Rb2 Rff2 32. Rb8+ Kf7 33. Rb7 Rxg2+ 34. Kf1 Rh2 35. Rxc7+ Ke6 36. Rxa7 Rh1# 0-1

[Event "CYCC U08"]
[Site "Ottawa CAN"]
[Date "2013.07.11"]
[Round "3"]
[White "Huang, Patrick"]
[Black "Bui, Alan"]
[Result "1-0"]
[WhiteElo "1040"]
[BlackElo "550"]
[PlyCount "123"]
[GameId "2160767909317876"]
[EventDate "2013.07.10"]
[EventType "swiss"]
[EventRounds "6"]
[EventCountry "CAN"]
[SourceTitle "hb 2013"]

1. e4 e5 2. Nf3 Nc6 3. d4 f6 4. Bc4 Bb4+ 5. c3 Ba5 6. dxe5 fxe5 7. Nxe5 Nxe5 8. Qh5+ Ng6 9. Qxa5 Nf6 10. O-O Nxe4 11. Re1 d6 12. Rxe4+ Ne5 13. Qd5 Qf6 14. Rf4 Qg6 15. Re4 Bh3 16. Qf7+ Qxf7 17. Bxf7+ Kxf7 18. gxh3 Nf3+ 19. Kf1 Nxh2+ 20. Kg2 d5 21. Rf4+ Ke6 22. Kxh2 Raf8 23. Be3 g5 24. Rb4 b6 25. Nd2 c5 26. Rg4 h6 27. Rag1 Kf5 28. f4 Rhg8 29. fxg5 hxg5 30. Rf1+ Ke6 31. Rxf8 Rxf8 32. Rxg5 Kd6 33. c4 d4 34. Ne4+ Kc6 35. Rg6+ Kb7 36. Nd6+ Ka6 37. Bg1 Rd8 38. Nb5 Rd7 39. Rd6 Re7 40. Kh1 Rh7 41. Kh2 Re7 42. Bxd4 cxd4 43. Nxd4 Rf7 44. Kg3 Rg7+ 45. Kf3 Rf7+ 46. Ke3 Rh7 47. Nb5 Rxh3+ 48. Kd4 Rh4+ 49. Kc3 Rh7 50. Rc6 Kb7 51. Rd6 Rh3+ 52. Kb4 a5+ 53. Ka4 Ka6 54. Rd7 Ra3+ 55. Nxa3 b5+ 56. cxb5+ Kb6 57. Nc4+ Kc5 58. Kxa5 Kxc4 59. b6 Kc5 60. b7 Kc6 61. b8=Q Kc5 62. Qb5# 1-0

[Event "CYCC U08"]
[Site "Ottawa CAN"]
[Date "2013.07.11"]
[Round "3"]
[White "Issani, Nameer"]
[Black "Tang, Matthew"]
[Result "1-0"]
[WhiteElo "1425"]
[BlackElo "1031"]
[PlyCount "97"]
[GameId "2160767909317877"]
[EventDate "2013.07.10"]
[EventType "swiss"]
[EventRounds "6"]
[EventCountry "CAN"]
[SourceTitle "hb 2013"]

1. e4 e5 2. Nf3 Nc6 3. Bb5 a6 4. Ba4 Nf6 5. O-O b5 6. Bb3 Be7 7. Re1 O-O 8. c3 d6 9. h3 Be6 10. d4 exd4 11. cxd4 d5 12. e5 Ne4 13. Nbd2 Bb4 14. Nxe4 Bxe1 15. Nxe1 dxe4 16. d5 Nxe5 17. dxe6 Qxd1 18. Bxd1 fxe6 19. g3 Nd3 20. Nxd3 exd3 21. Bf4 c5 22. Bd6 Rfc8 23. a4 c4 24. Bf3 Ra7 25. axb5 Rd7 26. bxa6 Rxd6 27. a7 d2 28. a8=Q d1=Q+ 29. Bxd1 Rxd1+ 30. Rxd1 Rxa8 31. Rc1 Ra2 32. Rxc4 Rxb2 33. Kg2 Kf7 34. Rc7+ Kf6 35. g4 g5 36. Rxh7 Ke5 37. Rh5 Kf4 38. Rh6 e5 39. Rf6+ Ke4 40. Rf5 Kd4 41. Rxg5 e4 42. Kg3 Ra2 43. Rf5 Ra3+ 44. Kh4 e3 45. fxe3+ Kxe3 46. g5 Ra8 47. g6 Rg8 48. Kg5 Ke4 49. h4 1-0

[Event "CYCC U08"]
[Site "Ottawa CAN"]
[Date "2013.07.11"]
[Round "3"]
[White "Noorali, Aahil"]
[Black "Fu, Steven"]
[Result "1-0"]
[WhiteElo "1086"]
[BlackElo "631"]
[PlyCount "47"]
[GameId "2160767909317881"]
[EventDate "2013.07.10"]
[EventType "swiss"]
[EventRounds "6"]
[EventCountry "CAN"]
[SourceTitle "hb 2013"]

1. e4 e5 2. Nf3 Nc6 3. Bc4 Be7 4. Nc3 Nf6 5. d3 O-O 6. O-O d6 7. Be3 Bg4 8. h3 Bh5 9. g4 Nxg4 10. hxg4 Bxg4 11. Re1 Bh3 12. Nh2 Bg5 13. Qh5 Bxe3 14. Rxe3 Be6 15. Bb3 Nb4 16. Nd5 Nc6 17. f4 exf4 18. Nxf4 Nd4 19. Nxe6 fxe6 20. Rh3 h6 21. c3 Nc6 22. Bxe6+ Kh8 23. Qg6 Ne7 24. Rxh6+ 1-0

[Event "CYCC U08"]
[Site "Ottawa CAN"]
[Date "2013.07.11"]
[Round "3"]
[White "Wu, Lucian"]
[Black "Xu, Yaorui"]
[Result "1-0"]
[WhiteElo "599"]
[BlackElo "1030"]
[PlyCount "87"]
[GameId "2160767909317882"]
[EventDate "2013.07.10"]
[EventType "swiss"]
[EventRounds "6"]
[EventCountry "CAN"]
[SourceTitle "hb 2013"]

1. d4 d5 2. c4 c5 3. Nc3 Nf6 4. e3 Nc6 5. Nf3 Bg4 6. Be2 e6 7. a3 g6 8. O-O cxd4 9. exd4 Bg7 10. Re1 O-O 11. Bf4 Re8 12. h3 Nh5 13. Bg5 f6 14. hxg4 fxg5 15. gxh5 gxh5 16. Bf1 Qf6 17. cxd5 Nxd4 18. Nxd4 Qxd4 19. Qxd4 Bxd4 20. dxe6 Rad8 21. Bc4 Rc8 22. Ba2 Rxc3 23. bxc3 Bxc3 24. Rac1 Bxe1 25. Rxe1 Kf8 26. Kh2 Kg7 27. Re2 h4 28. g3 hxg3+ 29. Kxg3 Kf6 30. Kg4 Kg6 31. Bd5 h5+ 32. Kg3 b6 33. f4 gxf4+ 34. Kxf4 Re7 35. Re5 a5 36. Rg5+ Kh6 37. Kf5 h4 38. Kf6 Re8 39. e7 Rxe7 40. Rg6+ Kh7 41. Bg8+ Kh8 42. Kxe7 h3 43. Kf7 h2 44. Rh6# 1-0

[Event "CYCC U08"]
[Site "Ottawa CAN"]
[Date "2013.07.11"]
[Round "3"]
[White "Wu, Nicholas"]
[Black "Low, Kevin"]
[Result "1/2-1/2"]
[WhiteElo "1158"]
[BlackElo "1484"]
[PlyCount "77"]
[GameId "2160767909317883"]
[EventDate "2013.07.10"]
[EventType "swiss"]
[EventRounds "6"]
[EventCountry "CAN"]
[SourceTitle "hb 2013"]

1. e4 d6 2. d4 Nf6 3. Nc3 e5 4. dxe5 dxe5 5. Bg5 Qxd1+ 6. Rxd1 Nbd7 7. Nf3 c6 8. Bc4 Bb4 9. Bd2 O-O 10. O-O Ba5 11. Rfe1 Bc7 12. h3 a5 13. a4 h6 14. Nh4 Rd8 15. f3 Nf8 16. Ne2 Ne6 17. Ng3 Nd4 18. c3 Nc2 19. Re2 Bb6+ 20. Kh2 Be3 21. Bb3 Rxd2 22. Rexd2 Bxd2 23. Rxd2 Na1 24. Rd8+ Kh7 25. Bxf7 g5 26. Bg6+ Kg7 27. Nhf5+ Kxg6 28. Ne7+ Kf7 29. Rxc8 Rxc8 30. Nxc8 Ke6 31. Nb6 Nb3 32. Nf5 h5 33. h4 g4 34. fxg4 Nxg4+ 35. Kg3 Nf6 36. Kh3 Nd2 37. Ng3 Ndxe4 38. Nxe4 Nxe4 39. g3 1/2-1/2